A model of an Agricultural household in a multi-crop economy: The case of Korea (Record no. 224578)

000 -LEADER
fixed length control field 00630cam a22001697a 4500
008 - FIXED-LENGTH DATA ELEMENTS--GENERAL INFORMATION
fixed length control field 180718b1981 xxu||||| |||| 00| 0 eng d
082 ## - DEWEY DECIMAL CLASSIFICATION NUMBER
Classification number T In8/222
100 ## - MAIN ENTRY--PERSONAL NAME
Personal name Ahn, Choong Yong
245 ## - TITLE STATEMENT
Title A model of an Agricultural household in a multi-crop economy: The case of Korea
Statement of responsibility, etc. by Choong Yong Ahn, Inderjit Singh and Lyn Squire
260 ## - PUBLICATION, DISTRIBUTION, ETC.
Place of publication, distribution, etc. Washington, D.C.
Name of publisher, distributor, etc. IBRD
Date of publication, distribution, etc. 1981
300 ## - PHYSICAL DESCRIPTION
Extent 520-25p.
440 ## - SERIES STATEMENT/ADDED ENTRY--TITLE
Title World Bank Reprint Series, 222
500 ## - GENERAL NOTE
General note Reprinted from, `The Review of Economics and Statistics, `vol.63, No.4, November 1981
650 ## - SUBJECT ADDED ENTRY--TOPICAL TERM
Topical term or geographic name entry element Agriculture - Korea
700 ## - ADDED ENTRY--PERSONAL NAME
Personal name Squire, Lyn
700 ## - ADDED ENTRY--PERSONAL NAME
Personal name Singh, Inderjit
Holdings
Withdrawn status Lost status Damaged status Not for loan Permanent Location Current Location Date acquired Full call number Barcode Date last seen Price effective from Koha item type
        Indian Institute of Public Administration Indian Institute of Public Administration 1993-05-07 T In8/222 WB765 2018-07-20 2018-07-20 WB

Powered by Koha